Analiz i sintez frejmovych modelej ASU

Salvato in:
Dettagli Bibliografici
Autore principale: Kess, Julo Juliusovič
Natura: Libro
Lingua:russo
Pubblicazione: Moskva Energoatomizdat 1986
Edizione:1. izd.
Tags: Aggiungi Tag
Nessun Tag, puoi essere il primo ad aggiungerne!!

MARC

LEADER 00000nam a2200000 4500
001 c037107
005 20221220070949.8
041 0 |a rus 
044 |a RU 
245 1 0 |a Analiz i sintez frejmovych modelej ASU  |c Julo Juliusovič Kess 
250 |a 1. izd. 
264 1 |a Moskva  |b Energoatomizdat  |c 1986 
300 |a 167 s. 
100 1 |a Kess, Julo Juliusovič